Introduction to textile chemistry /

Salvato in:
Dettagli Bibliografici
Autore principale: Hartsuch, Bruce E. (autor)
Natura: Libro
Lingua:inglese
Pubblicazione: Nueva York, EUA : Wiley, 1950, c1950
Soggetti:
Tags: Aggiungi Tag
Nessun Tag, puoi essere il primo ad aggiungerne!!

MARC

LEADER 00000nam^a2200000^a^4500
001 000068621
005 20250521000000.0
009 20260310091335.393
037 |a Acervo ITESO - Biblioteca 
041 |a ING 
082 |a 677.  |b HAR 
100 |a Hartsuch, Bruce E.  |e (autor) 
245 1 0 |a Introduction to textile chemistry /  |c B.E. Hartsuch. 
264 4 |a Nueva York, EUA :  |b Wiley,  |c 1950, c1950 
300 |a 413 p. 
336 |a texto  |b txt  |2 rdacontenido 
337 |a sin mediación  |b n  |2 rdamedio 
338 |a volumen  |b nc  |2 rdasoporte 
649 |a XX 
650 |a Fibras Textiles 
650 |a Fibras Sintéticas 
650 |a Ingeniería Química 
650 |a Industria Textil 
910 |a Fondo General 
920 |a Impresos - Libros 
930 |a Colección General 
905 |a 101 
901 |a 0500023866  |b IT1  |c ACC  |u 20250521 
902 |a https://opac.biblio.iteso.mx/vufind/Record/000068621